000 01316njm a22002657a 4500
005 20100910100738.0
007 sd ammalaaahaa
008 100910t xxu||||| |||| 00| 0 hin d
028 _aGE.33643
_bColumbia
035 _aGR-01840
040 _aSED/VEN
100 _aBhosle, Asha
_919310
245 _aSadhu aur shaitan /
_cbyAsha Bhosle & Usha Mangeshkar ;music by Lakshmikant Pyarelal ; lyric by Rajendra Krishan
_h[sound recording] :
246 _aसाधू और शैतान (आशा भोसले )
260 _aDum Dum India
_bColumbia
_c1968
300 _a1 sound disc [Gramophone record] :
_banalog, 33 1/3 rpm
_c10 in.
_fGramophone Record
500 _aBrief Record
505 _aNandlal gopal part 1 (Sadhu aur shaitan) (Asha Bhosle) नन्दलाल गोपाल पार्ट 1(साधू और शैतान ) (आशा भोसले ) Chhuniya part 2 (Sadhu aur Shaitan) (Mohd. Rafi &Mahmood) छुनिया पार्ट २ (मोहमद रफ़ी &महमूद )
650 _aClassical Music
_xExcerpts
_zIndia
_919311
700 _aMangeshkar, Usha
_919312
700 _aLaxmikant Pyarelal
_919313
700 _aRajendra Krishan
_919314
942 _2ddc
_cGR
999 _c44950
_d44950